Fisioterapia: un enfoque psicosocial

Gorde:
Xehetasun bibliografikoak
Egile Nagusiak: French, Sally (Egilea), Sim, Julius (Egilea)
Formatua: Liburua
Hizkuntza:gaztelania
Argitaratua: Madrid McGraw - Hill Interamericana 2006
Edizioa:3a. ed
Gaiak:
Etiketak: Etiketa erantsi
Etiketarik gabe, Izan zaitez lehena erregistro honi etiketa jartzen!

MARC

LEADER 00000cam a2200000 a 4500
001 UCD7537
003 CL-VaPUC
008 170326e20060000sp |||||||||||||||||spa|d
020 |a 8448145224 
082 0 4 |a 615.82  |b FRE  |2 21 
100 0 |a French, Sally  |e author  |9 591558 
700 0 |a Sim, Julius  |e author  |9 591559 
245 1 0 |a Fisioterapia: un enfoque psicosocial 
250 |a 3a. ed 
300 |a 354 p 
942 |c BK 
945 |d 20170326 03:36:00  |a arojas 
260 |a Madrid  |b McGraw - Hill Interamericana  |c 2006 
650 0 |a Fisioterapia  |9 307408 
650 7 |a TERAPIAS FISICAS  |2 CL-VaPUC  |9 313087 
583 |a last modification  |c 20170326 03:36:00  |k Rodrigo Vera 
999 |c 367535  |d 367533